000 00330nam a22001337a 4500
003 SGT
082 _a617.6342
_bS25D
100 _aDeepti
245 _aShade Selection in Aesthetic Dentistry
260 _aHaryana, India
_bSGT University
_c2025
300 _a34
650 _aConservative Dentistry & Endodontics
942 _2ddc
_cTH
999 _c31491
_d31491